Unsettling the archetypes / (Record no. 141015)

MARC details
000 -LEADER
fixed length control field 00570nam a22001937a 4500
005 - DATE AND TIME OF LATEST TRANSACTION
control field 20170612154224.0
010 ## - LCCN (DPL NO)
LC control number ENG-118634
020 ## - INTERNATIONAL STANDARD BOOK NUMBER
International Standard Book Number 9788188965960
Terms of availability 650.00
035 ## - SYSTEM CONTROL NUMBER
System control number EN-102166
037 ## - SOURCE OF ACQUISITION
Source of stock number/acquisition DABD/PUB
082 ## - DEWEY DECIMAL CLASSIFICATION NUMBER
Classification number 305.420954
245 ## - TITLE STATEMENT
Title Unsettling the archetypes /
Statement of responsibility, etc edited by Manuela Clotti
260 ## - PUBLICATION, DISTRIBUTION, ETC. (IMPRINT)
Place of publication, distribution, etc New Delhi
Name of publisher, distributor, etc Women Unlimited
Date of publication, distribution, etc 2017
270 ## - ADDRESS
Address 7/10, First Floor, Sarvapriya Vihar
City New Delhi
Postal code 110016
300 ## - PHYSICAL DESCRIPTION
Extent viii,273p.
Dimensions 23cm(Hb)
500 ## - GENERAL NOTE
General note
700 ## - ADDED ENTRY--PERSONAL NAME
Personal name Clotti, Manuela
942 ## - ADDED ENTRY ELEMENTS (KOHA)
Source of classification or shelving scheme Dewey Decimal Classification
Item type English Books
Classification part 305.420954
Call number suffix UNS
Holdings
Withdrawn status Lost status Not for loan Collection code Home library Current library Date acquired Source of acquisition Cost, normal purchase price Full call number Barcode Copy number Cost, replacement price Koha item type
      Non-fiction Patel Nagar Patel Nagar 12/06/2017 DBAD/PUB 650.00 305.420954 UNS EN-102166 1 695.00 English Books

© Delhi Public Library
Hit Counter
free hit counter